| Tag |
First Indicator |
Second Indicator |
Subfields |
| LEADER |
00000cam a2200000 4500 |
| 001 |
in00000063033 |
| 005 |
20151008051133.0 |
| 008 |
760219s1915 nyu 00000 eng |
| 010 |
|
|
|a 15006479
|
| 035 |
|
|
|a (OCoLC)02002167
|
| 035 |
|
|
|9 AAG5973AM
|
| 040 |
|
|
|a DLC
|c IAU
|d TXA
|d UtOrBLW
|
| 049 |
|
|
|a TXAM
|c 2 [4355]
|
| 050 |
0 |
0 |
|a JK271
|b .D5
|
| 092 |
|
|
|a 329
|b D52
|
| 100 |
1 |
|
|a De Witt, Benjamin Parke.
|
| 245 |
1 |
4 |
|a The progressive movement ;
|b a non-partisan, comprehensive discussion of current tendencies in American politics /
|c by Benjamin Parke De Witt ...
|
| 264 |
|
1 |
|a New York :
|b Macmillan,
|c 1915.
|
| 300 |
|
|
|a xii, 376 pages ;
|c 20 cm.
|
| 336 |
|
|
|a text
|b txt
|2 rdacontent
|
| 337 |
|
|
|a unmediated
|b n
|2 rdamedia
|
| 338 |
|
|
|a volume
|b nc
|2 rdacarrier
|
| 490 |
1 |
|
|a The citizen's library of economics, politics and sociology. New series
|
| 610 |
2 |
0 |
|a Progressive Party (U.S. : 1912)
|
| 650 |
|
0 |
|a Municipal government
|z United States.
|
| 651 |
|
0 |
|a United States
|x Politics and government
|y 1909-1913.
|
| 830 |
|
0 |
|a Citizen's library of economics, politics, and sociology.
|n New series.
|
| 999 |
|
|
|a MARS
|
| 999 |
f |
f |
|s 2ef6afd5-eeb4-3021-aa72-846ec764d99e
|i 7a500755-88bd-3970-9f44-9b22665a75d4
|t 0
|
| 952 |
f |
f |
|p ric
|a Texas A&M University
|b Rellis Campus
|c Joint Library Facility
|d Remote Storage
|t 0
|e JK271 .D5
|h Library of Congress classification
|i unmediated -- volume
|m A14800682948
|
| 998 |
f |
f |
|a JK271 .D5
|t 0
|l Remote Storage
|